Central Library OPAC University of Rajshahi

Fascist economic policy : (Record no. 58977)

MARC details
000 -LEADER
fixed length control field 00784nam a2200253 a 4500
001 - CONTROL NUMBER
control field 58977
003 - CONTROL NUMBER IDENTIFIER
rucl marc code BD-RJUL
005 - DATE AND TIME OF LATEST TRANSACTION
control field 20211209080700.0
008 - FIXED-LENGTH DATA ELEMENTS--GENERAL INFORMATION
fixed length control field 161220t19681938enk b 001 0 eng
035 ## - SYSTEM CONTROL NUMBER
System control number (BD-RJUL)59101
040 ## - CATALOGING SOURCE
Original cataloging agency DLC
Transcribing agency DLC
Modifying agency BD-RJUL
Language of cataloging eng
041 ## - LANGUAGE CODE
Language code of text/sound track or separate title eng
082 ## - DEWEY DECIMAL CLASSIFICATION NUMBER
Classification number 330.945
Edition number 23
Author mark and year WEF 1968
100 1# - MAIN ENTRY--PERSONAL NAME
Personal name Welk, William George,
Dates associated with a name 1907-
9 (RLIN) 175378
245 10 - TITLE STATEMENT
Title Fascist economic policy :
Remainder of title an analysis of Italy's economic experiment /
Statement of responsibility, etc. by William G. Welk.
260 ## - PUBLICATION, DISTRIBUTION, ETC. (IMPRINT)
Place of publication, distribution, etc. New York,
Name of publisher, distributor, etc. Russell & Russell
Date of publication, distribution, etc. 1968.
300 ## - PHYSICAL DESCRIPTION
Pagination xx, 365 p. ;
Size 22 cm.
500 ## - GENERAL NOTE
General note Include index
650 #0 - SUBJECT ADDED ENTRY--TOPICAL TERM
Topical term or geographic name as entry element Fascism
Geographic subdivision Italy.
9 (RLIN) 175379
651 #0 - SUBJECT ADDED ENTRY--GEOGRAPHIC NAME
Geographic name Italy
General subdivision Economic policy.
9 (RLIN) 175380
830 #0 - SERIES ADDED ENTRY--UNIFORM TITLE
Uniform title Harvard economic studies ;
Volume number/sequential designation 62.
942 ## - ADDED ENTRY ELEMENTS (KOHA)
Source of classification or shelving scheme Dewey Decimal Classification
Koha item type Books
Holdings
Lost status Source of classification or shelving scheme Damaged status Not for loan Collection code Permanent Location Current Location Shelving location Date acquired Source of acquisition Total Checkouts Full call number Date last seen Copy number Koha item type
  Dewey Decimal Classification   Not For Loan Non-fiction Central Library, University of Rajshahi Central Library, University of Rajshahi Reading Room 06/05/1985 Asia foundation   330.945 WEF 1968 20/12/2016 C-1 Books